ARRUPE JESUIT UNIVERSITY

CORONAVIRUS -STOP THE SPREAD - CLEAN,DISINFECT,COVER

Islam for dummies (Record no. 60795)

MARC details
000 -LEADER
fixed length control field 00573nam a2200229Ia 4500
003 - CONTROL NUMBER IDENTIFIER
control field 0100
008 - FIXED-LENGTH DATA ELEMENTS--GENERAL INFORMATION
fixed length control field 130303s9999 xx 000 0 und d
020 ## - INTERNATIONAL STANDARD BOOK NUMBER
International Standard Book Number 0764555030
040 ## - CATALOGING SOURCE
Transcribing agency ARRUPELIB
050 ## - LIBRARY OF CONGRESS CALL NUMBER
Classification number BF161.3.C53 2003
300 ## - PHYSICAL DESCRIPTION
Other physical details 366p. 24cm.
100 ## - MAIN ENTRY--PERSONAL NAME
Personal name Clark, Malcolm
245 ## - TITLE STATEMENT
Title Islam for dummies
260 ## - PUBLICATION, DISTRIBUTION, ETC. (IMPRINT)
Place of publication, distribution, etc New Jersey
260 ## - PUBLICATION, DISTRIBUTION, ETC. (IMPRINT)
Name of publisher, distributor, etc Wiley
260 ## - PUBLICATION, DISTRIBUTION, ETC. (IMPRINT)
-- 2003`
300 ## - PHYSICAL DESCRIPTION
Extent xviii
650 ## - SUBJECT ADDED ENTRY--TOPICAL TERM
Topical term following geographic name as entry element Information science--Economic aspects
650 ## - SUBJECT ADDED ENTRY--TOPICAL TERM
Location of event Information science--Philosophy
650 ## - SUBJECT ADDED ENTRY--TOPICAL TERM
Active dates Information science--Politics
942 ## - ADDED ENTRY ELEMENTS (KOHA)
Source of classification or shelving scheme Library of Congress Classification
Koha issues (borrowed), all copies 1
Holdings
Withdrawn status Lost status Source of classification or shelving scheme Damaged status Not for loan Collection code Home library Current library Shelving location Date acquired Total Checkouts Full call number Barcode Date last seen Date checked out Copy number Price effective from Koha item type
    Library of Congress Classification     Main Collection ARRUPE LIBRARY ARRUPE LIBRARY   05/03/2013 13 BF161.3.C53 2003 46003093482 18/10/2019 20/09/2019 1 05/03/2013 Monograph ( Printed materials)

 

Arrupe Library. PO Box MP320 Mt Pleasant, Harare, Zimbabwe
263 242 745411|librarian@aju.ac.zw